Conciliacion / (Registro nro. 323703)
[ vista simple ]
| 000 -ENCABEZADO | |
|---|---|
| Número de control [NR] | 00691nam a22001697a 4500 |
| 005 - FECHA Y HORA DE LA ÚLTIMA TRANSACCIÓN | |
| control field | 20260522102410.0 |
| 008 - DE LONGITUD FIJA DE DATOS DE ELEMENTOS - INFORMACIÓN GENERAL | |
| Elementos de longitud fija [NR] | 231214n ||||| |||| 00| 0 spa d |
| 040 ## - FUENTE DE CATALOGACION [NR] | |
| Agencia de catalogación original [NR] | CO-BoUCM |
| Quien Cataloga | Stefania Borbon (Modificó) |
| Quien Clasifica | David Moreno |
| Idioma de catalogación [NR] | spa |
| 041 ## - CODIGO DE IDIOMA [R] | |
| Código de idioma para texto/pista de sonido o título separado [R] | Español |
| 110 1# - ASIENTO PRINCIPAL--NOMBRE CORPORATIVO [NR] | |
| Nombre corporativo o de jurisdicción como elemento de entrada [NR] | Cámara de Comercio de Cali |
| Unidad subordinada [R] | Centro de conciliación, arbitraje y amigable composición |
| ID de autoridad | 179652 |
| 245 10 - MENCION DE TITULO [NR] | |
| Título [NR] | Conciliacion / |
| Mención de responsabilidad, etc. [NR] | Cámara de Comercio de Cali |
| 260 ## - PUBLICACION, DISTRIBUCION, ETC. (PIE DE IMPRENTA) [R] | |
| Lugar de publicación, distribución, etc. [R] | [Cali, Colombia] |
| Nombre del editor, distribuidor, etc. [R] | [Camara de Comercio de Cali] |
| Fecha de publicación, distribución, etc. [R] | [sin fecha] |
| 300 ## - DESCRIPCION FISICA [R] | |
| Extensión [R] | 77 Paginas |
| 650 ## - ASIENTO SECUNDARIO DE MATERIA - TERMINO TEMATICO [R] | |
| Término temático o nombre geográfico como elemento de entrada [NR] | Derecho |
| Subdivisión general [R] | Arbitramiento |
| -- | Conciliación |
| Subdivisión geográfica [R] | Colombia |
| 9 (RLIN) | 179653 |
| 942 ## - ELEMENTOS DE ENTRADA AGREGADOS (KOHA) | |
| Sistema de clasificación | DEWEY |
| Tema principal | Derecho |
| Tipo de ítem principal el descrito en 300a | Libro |
| Edición | 1 |
| Clasificación | 342.009 |
| Parte restante de la signatura top. | C172c |
| Título oculto en OPAC | No |
| Fecha de último préstamo | Total préstamos | Total Renewals | Signatura topográfica | Código de barras | Última vez visto | Ejemplar | Costo de reposición | Price effective from | Tipo de ítem | Perdido | Sistema de clasificación | Dañado | No prestable | Tipo de ítem específico | Suprimido | Ubicación habitual | Ubicación actual | Localización | Fecha de creación | Forma de adquisición |
|---|---|---|---|---|---|---|---|---|---|---|---|---|---|---|---|---|---|---|---|---|
| 18/07/2024 | 1 | 3 | 342.009 C172c | 100172208 | 25/05/2026 | Ej.1 | 26000.00 | 14/12/2023 | Libro | DEWEY | Libro | Claustro | Claustro | 3er piso | 14/12/2023 | Donación |